000 00380nam a2200169Ia 4500
008 210210b1953 xxu||||| |||| 00| 0 eng d
041 _aeng
082 _a828/37
100 _aBARKER (Ernest)
245 _aAge and youth
260 _aLondon
_bOxford University Press
_c1953
650 _ayouth
650 _aand
650 _aAge
690 _aBiography
906 _a015882
999 _c135272
_d135272